Countries with highest percentages of Women in National Parliament - Statistics

General Stats
  • This quiz has been taken 350 times
  • The average score is 8 of 15
Answer Stats
Hint Answer % Correct
43,6% Sweden
97%
39,6% Norway
96%
42,5% Finland
94%
39,1% Denmark
90%
39,7% Iceland
80%
39,3% Belgium
77%
39,7% Spain
72%
40,8% South Africa
42%
50% Andorra
36%
48,9% Cuba
26%
63,8% Rwanda
25%
41,6% Ecuador
14%
42,4% Nicaragua
10%
39,2% Mozambique
6%
43,8% Seychelles
6%
No matching quizzes found
Score Distribution
Percent of People with Each Score
Percentile by Number Answered
Your Score History
You have not taken this quiz